000 00772nam a2200241Ia 4500
003 OSt
005 20220923220518.0
006 a|||||r|||| 00| 0
007 ta
008 220922b |||||||| |||| 00| 0 hin d
024 _a187,253
037 _cTextual
040 _aARTS
_cARTS
_bhin
041 _2hin
_ahin
082 _aWv1.N5, 152L3.1
100 _aसूद, ज्योति प्रसाद
245 0 _aपाश्चात्य राजनीतिक विचार का इतिहास
246 _aPāshchātya rājanītik vichār kā itihāsa
250 _aसंस्क0 7
260 _c1973
942 _hWv1.N5, 152L3.1
_cTEXL
_2CC
999 _c340330
_d340330